<?xml version="1.0" encoding="UTF-8"?>
<record
    xmlns:xsi="http://www.w3.org/2001/XMLSchema-instance"
    xsi:schemaLocation="http://www.loc.gov/MARC21/slim http://www.loc.gov/standards/marcxml/schema/MARC21slim.xsd"
    xmlns="http://www.loc.gov/MARC21/slim">

  <leader>00901cam a22002411  4500</leader>
  <controlfield tag="001">ne 63000447 </controlfield>
  <controlfield tag="003">DLC</controlfield>
  <controlfield tag="005">20260227111742.0</controlfield>
  <controlfield tag="008">890320s1961    ua       b    000 0 ara c</controlfield>
  <datafield tag="010" ind1=" " ind2=" ">
    <subfield code="a">ne 63000447 </subfield>
  </datafield>
  <datafield tag="025" ind1=" " ind2=" ">
    <subfield code="a">PL480:UAR-993</subfield>
  </datafield>
  <datafield tag="035" ind1=" " ind2=" ">
    <subfield code="a">(OCoLC)19403063</subfield>
  </datafield>
  <datafield tag="040" ind1=" " ind2=" ">
    <subfield code="a">Princeton Univ. Libr.</subfield>
    <subfield code="c">WaU</subfield>
    <subfield code="d">WaU</subfield>
    <subfield code="d">DLC</subfield>
  </datafield>
  <datafield tag="042" ind1=" " ind2=" ">
    <subfield code="a">premarc</subfield>
  </datafield>
  <datafield tag="043" ind1=" " ind2=" ">
    <subfield code="a">a-iq---</subfield>
  </datafield>
  <datafield tag="050" ind1="0" ind2="0">
    <subfield code="a">KMJ654</subfield>
    <subfield code="b">.N34 1961</subfield>
  </datafield>
  <datafield tag="100" ind1="1" ind2=" ">
    <subfield code="a">N&#x101;h&#x12B;, &#x1E62;al&#x101;&#x1E25; al-D&#x12B;n &#x2BB;Abd al-La&#x1E6D;&#x12B;f.</subfield>
  </datafield>
  <datafield tag="245" ind1="1" ind2="0">
    <subfield code="a">Mu&#x1E25;&#x101;&#x1E0D;ar&#x101;t &#x2BB;an al-q&#x101;n&#x16B;n al-madan&#x12B; al-&#x2BB;Ir&#x101;q&#x12B;,</subfield>
    <subfield code="b">&#x1E25;aqq al-milk&#x12B;yah f&#x12B; dh&#x101;tihi,</subfield>
    <subfield code="c">alq&#x101;h&#x101; &#x1E62;al&#x101;&#x1E25; al-D&#x12B;n al-N&#x101;h&#x12B; &#x2BB;al&#xE1; &#x1E6D;alibah Qism al-dir&#x101;s&#x101;t al-Q&#x101;n&#x16B;n&#x12B;yah, 1960.</subfield>
  </datafield>
  <datafield tag="260" ind1=" " ind2=" ">
    <subfield code="a">[al-Q&#x101;hirah]</subfield>
    <subfield code="b">J&#x101;mi&#x2BB;at al-Duwal al-&#x2BB;Arab&#x12B;yah, Ma&#x2BB;had al-Dir&#x101;s&#x101;t al-&#x2BB;Arab&#x12B;yah al-&#x2BB;&#x100;liyah,</subfield>
    <subfield code="c">1961.</subfield>
  </datafield>
  <datafield tag="300" ind1=" " ind2=" ">
    <subfield code="a">303 p.</subfield>
    <subfield code="c">24 cm.</subfield>
  </datafield>
  <datafield tag="504" ind1=" " ind2=" ">
    <subfield code="a">Bibliography: p. [287]-290.</subfield>
  </datafield>
  <datafield tag="650" ind1=" " ind2="0">
    <subfield code="a">Property</subfield>
    <subfield code="z">Iraq.</subfield>
  </datafield>
  <datafield tag="999" ind1=" " ind2=" ">
    <subfield code="c">45643</subfield>
    <subfield code="d">45643</subfield>
  </datafield>
</record>
